Najmniejsze państwa według kontynentu - Statystyki

Ogólne statystyki
  • Ten quiz został rozwiązany 35 razy
    25 od ostatniego zresetowania
  • Średni wynik to 20 z 30
Statystyki odpowiedzi
Hint Odpowiedź % Poprawnych
europe San Marino
95%
europe Watykan
95%
europe Liechtenstein
86%
europe Monako
86%
2america Gujana
82%
2america Surinam
77%
2america Ekwador
73%
europe Malta
73%
2america Paragwaj
73%
africa Seszele
73%
2america Urugwaj
73%
africa Komory
68%
1america Saint Kitts i Nevis
68%
1america Saint Vincent i Grenadyny
68%
africa Wyspy Świętego Tomasza i Książęca
68%
1america Barbados
64%
asia Malediwy
64%
oceania Nauru
64%
1america Antigua i Barbuda
59%
asia Bahrajn
59%
asia Brunei
59%
1america Grenada
59%
africa Mauritius
59%
oceania Mikronezja
59%
oceania Palau
59%
africa Republika Zielonego Przylądka
59%
oceania Tuvalu
59%
oceania Wyspy Marshalla
59%
asia Cypr
55%
asia Singapur
50%
Nie znaleziono quizów pasujących do podanych kryteriów
Rozkład punktacji
Procent ludzi z każdym wynikiem
Percentyl według liczby udzielonych odpowiedzi
Twoja historia wyników
Nie rozwiązałeś tego quizu od ostatniego zresetowania